All Rammstein Musicvideos - Statistics

General Stats
  • This quiz has been taken 443 times
  • The average score is 23 of 32
Answer Stats
Views Musicvideo % Correct
209 Million Du Hast
95%
21 Million Du Hast
95%
158 Million Sonne
91%
70 Million Deutschland
90%
71 Million Engel
87%
76 Million Rosenrot
82%
55 Million Mutter
79%
11 Million Mutter
79%
155 Million Ich Will
78%
50 Million Mein Teil
78%
90 Million Amerika
76%
48 Million Radio
76%
19 Million Ausländer
75%
78 Million Mein Herz Brennt
75%
17 Million Mein Herz Brennt (Piano Version)
75%
8 Million Du Riechst So Gut '95
73%
48 Million Du Riechst So Gut '98
73%
52 Million Links 2 3 4
71%
11 Million Links 2 3 4
71%
80 Million Keine Lust
70%
87 Million Feuer Frei!
69%
35 Million Benzin
66%
71 Million Ohne Dich
66%
46 Million Haifisch
65%
109 Million Ich Tu Dir Weh
65%
24 Million Mann Gegen Mann
62%
4 Million Mann Gegen Mann
62%
13 Million Rammstein
60%
37 Million Mein Land
59%
20 Million Seemann
53%
5 Million Stripped
40%
34 Million Wollt Ihr Das Bett In Flammen Sehen?
19%
No matching quizzes found
Score Distribution
Percent of People with Each Score
Percentile by Number Answered
Your Score History
You have not taken this quiz